Baseball Retired Numbers Cincinnati Reds - Statistics

General Stats
  • This quiz has been taken 88 times
  • The average score is 8 of 11
Answer Stats
# Player % Correct
5 Johnny Bench
94%
14 Pete Rose
94%
20 Frank Robinson
93%
42 Jackie Robinson
93%
8 Joe Morgan
88%
11 Barry Larkin
79%
24 Tony Perez
72%
13 Dave Concepción
68%
10 Sparky Anderson
63%
18 Ted Kluszewski
34%
1 Fred Hutchinson
29%
No matching quizzes found
Score Distribution
Percent of People with Each Score
Percentile by Number Answered
Your Score History
You have not taken this quiz